Les 100 plus gros Transferts de la Liga (Arrivées) - Statistiques

Statistiques générales
  • Ce quiz a été pris 5 794 fois
    1 047 depuis la dernière actualisation
  • Le résultat moyen est 52 sur 100
Statistiques - réponses
Rang Saison Club de Départ Club d'Arrivée Montant Réponse % Correct
8 09/10 Manchester United Real Madrid 94 000 000 € Cristiano Ronaldo
97%
9 13/14 Santos FC FC Barcelone 88 000 000 € Neymar
96%
1 17/18 Borussia Dortmund FC Barcelone 135 000 000 € Ousmane Dembélé
96%
33 02/03 Inter Milan Real Madrid 45 000 000 € Ronaldo
96%
5 19/20 Atlético Madrid FC Barcelone 120 000 000 € Antoine Griezmann
95%
80 14/15 Real Sociedad Atlético Madrid 30 000 000 € Antoine Griezmann
95%
7 13/14 Tottenham Hotspur Real Madrid 101 000 000 € Gareth Bale
93%
6 23/24 Borussia Dortmund Real Madrid 113 000 000 € Jude Bellingham
93%
2 17/18 FC Liverpool FC Barcelone 135 000 000 € Philippe Coutinho
93%
10 19/20 Ajax Amsterdam FC Barcelone 86 000 000 € Frenkie de Jong
91%
3 19/20 SL Benfica Atlético Madrid 127 200 000 € Joao Félix
91%
12 22/23 AS Monaco Real Madrid 80 000 000 € Aurélien Tchouaméni
90%
4 19/20 Chelsea FC Real Madrid 120 800 000 € Eden Hazard
90%
13 01/02 Juventus Turin Real Madrid 77 500 000 € Zinédine Zidane
90%
11 14/15 FC Liverpool FC Barcelone 81 720 000 € Luis Suarez
88%
14 24/25 Manchester City Atlético Madrid 75 000 000 € Julian Alvarez
87%
32 18/19 CR Flamengo Real Madrid 45 000 000 € Vinicius Junior
83%
29 24/25 Palmeiras Real Madrid 47 500 000 € Endrick
81%
22 00/01 FC Barcelone Real Madrid 60 000 000 € Luis Figo
81%
23 22/23 Leeds United FC Barcelone 58 000 000 € Raphinha
81%
26 22/23 FC Séville FC Barcelone 50 000 000 € Jules Koundé
79%
52 19/20 Girondins de Bordeaux FC Séville 35 000 000 € Jules Koundé
79%
16 18/19 AS Monaco Atlético Madrid 72 000 000 € Thomas Lemar
79%
15 14/15 AS Monaco Real Madrid 75 000 000 € James Rodriguez
78%
18 09/10 AC Milan Real Madrid 67 000 000 € Kaka
78%
31 19/20 Santos FC Real Madrid 45 000 000 € Rodrygo
78%
57 09/10 Olympique Lyonnais Real Madrid 35 000 000 € Karim Benzema
77%
19 19/20 Eintracht Francfort Real Madrid 63 000 000 € Luka Jovic
75%
17 09/10 Inter Milan FC Barcelone 69 500 000 € Zlatan Ibrahimovic
75%
30 22/23 Bayern Munich FC Barcelone 45 000 000 € Robert Lewandowski
74%
24 24/25 RB Leipzig FC Barcelone 55 000 000 € Dani Olmo
73%
25 21/22 Manchester City FC Barcelone 55 000 000 € Ferran Torres
73%
28 19/20 Olympique Lyonnais Real Madrid 48 000 000 € Ferland Mendy
72%
56 12/13 Tottenham Hotspur Real Madrid 35 000 000 € Luka Modric
72%
35 18/19 Girondins de Bordeaux FC Barcelone 41 000 000 € Malcom
69%
71 21/22 Stade Rennes FC Real Madrid 31 000 000 € Eduardo Camavinga
67%
54 18/19 Chelsea FC Real Madrid 35 000 000 € Thibaut Courtois
67%
20 20/21 Juventus Turin FC Barcelone 60 000 000 € Miralem Pjanic
66%
27 19/20 FC Porto Real Madrid 50 000 000 € Eder Militao
62%
36 18/19 Paris SG FC Valence 40 000 000 € Goncalo Guedes
61%
38 11/12 FC Porto Atlético Madrid 40 000 000 € Radamel Falcao
60%
50 21/22 Udinese Calcio Atlético Madrid 35 000 000 € Rodrigo de Paul
59%
92 04/05 RCD Mallorque FC Barcelone 27 000 000 € Samuel Eto'o
59%
41 03/04 Manchester United Real Madrid 37 500 000 € David Beckham
58%
64 03/04 Paris SG FC Barcelone 32 250 000 € Ronaldinho
57%
21 17/18 Chelsea FC Atlético Madrid 60 000 000 € Diego Costa
56%
51 20/21 Chelsea FC Atlético Madrid 35 000 000 € Alvaro Morata
55%
77 16/17 Juventus Turin Real Madrid 30 000 000 € Alvaro Morata
55%
39 10/11 FC Valence FC Barcelone 40 000 000 € David Villa
55%
34 24/25 Chelsea FC Atlético Madrid 42 000 000 € Conor Gallagher
54%
37 17/18 GZ Evergrande Taobao FC Barcelone 40 000 000 € Paulinho
52%
63 10/11 SL Benfica Real Madrid 33 000 000 € Angel Di Maria
50%
81 13/14 Malaga CF Real Madrid 30 000 000 € Isco
47%
99 16/17 Olympique Lyonnais FC Barcelone 25 000 000 € Samuel Umtiti
46%
91 05/06 FC Séville Real Madrid 27 000 000 € Sergio Ramos
46%
47 08/09 FC Séville FC Barcelone 35 500 000 € Dani Alves
42%
83 07/08 FC Porto Real Madrid 30 000 000 € Pepe
42%
58 07/08 Chelsea FC Real Madrid 35 000 000 € Arjen Robben
38%
48 99/00 Arsenal FC Real Madrid 35 000 000 € Nicolas Anelka
37%
60 09/10 FC Liverpool Real Madrid 34 500 000 € Xabi Alonso
37%
65 24/25 Villarreal CF Atlético Madrid 32 000 000 € Alexander Sorloth
36%
62 11/12 Arsenal FC FC Barcelone 34 000 000 € Cesc Fabregas
35%
74 23/24 Athletico-PR FC Barcelone 30 000 000 € Vitor Roque
35%
95 11/12 Udinese Calcio FC Barcelone 26 000 000 € Alexis Sanchez
34%
67 17/18 Real Sociedad Athletic Bilbao 32 000 000 € Inigo Martinez
34%
40 15/16 Inter Milan Real Madrid 38 000 000 € Mateo Kovacic
34%
72 18/19 Gremio Porto Alegre FC Barcelone 31 000 000 € Arthur Melo
33%
55 15/16 FC Porto Atlético Madrid 35 000 000 € Jackson Martinez
33%
75 19/20 Real Madrid Atlético Madrid 30 000 000 € Marcos Llorente
33%
43 18/19 FC Séville FC Barcelone 35 900 000 € Clément Lenglet
32%
61 15/16 Atlético Madrid FC Barcelone 34 000 000 € Arda Turan
31%
45 17/18 SL Benfica FC Barcelone 35 700 000 € Nelson Semedo
31%
73 20/21 SC Braga FC Barcelone 30 940 000 € Trincao
30%
59 24/25 Real Sociedad Atlético Madrid 34 500 000 € Robin Le Normand
29%
42 16/17 FC Valence FC Barcelone 37 000 000 € André Gomes
27%
82 11/12 SL Benfica Real Madrid 30 000 000 € Fabio Coentrao
27%
96 06/07 Olympique Lyonnais Real Madrid 26 000 000 € Mahamadou Diarra
27%
69 13/14 Real Sociedad Real Madrid 32 000 000 € Asier Illarramendi
26%
49 21/22 Hertha BSC Atlético Madrid 35 000 000 € Matheus Cunha
25%
88 20/21 Dalian Professional Atlético Madrid 27 000 000 € Yannick Carrasco
24%
70 15/16 FC Porto Real Madrid 31 500 000 € Danilo
23%
90 07/08 Ajax Amsterdam Real Madrid 27 000 000 € Wesley Sneijder
23%
68 16/17 FC Séville Atlético Madrid 32 000 000 € Kevin Gameiro
22%
78 16/17 FC Valence FC Barcelone 30 000 000 € Paco Alcacer
20%
76 19/20 CR Flamengo Real Madrid 30 000 000 € Reinier
19%
44 01/02 CA River Plate FC Barcelone 35 900 000 € Javier Saviola
18%
89 08/09 Ajax Amsterdam Real Madrid 27 000 000 € Klaas-Jan Huntelaar
18%
93 97/98 AS Monaco FC Barcelone 26 250 000 € Sonny Anderson
18%
66 18/19 Real Sociedad Real Madrid 32 000 000 € Alvaro Odriozola
17%
53 19/20 FC Barcelone FC Valence 35 000 000 € Jasper Cillessen
14%
79 15/16 SL Benfica FC Valence 30 000 000 € Rodrigo
14%
98 19/20 AS Monaco FC Séville 25 000 000 € Rony Lopes
14%
87 15/16 Manchester City FC Valence 28 000 000 € Alvaro Negredo
13%
94 19/20 FC Valence FC Barcelone 26 000 000 € Neto
13%
46 17/18 FC Séville Atlético Madrid 35 600 000 € Vitolo
13%
85 00/01 Arsenal FC FC Barcelone 29 300 000 € Marc Overmars
12%
97 19/20 Espanyol Barcelone Atlético Madrid 25 000 000 € Mario Hermoso
12%
100 16/17 SL Benfica Atlético Madrid 25 000 000 € Nico Gaitan
10%
86 19/20 Espanyol Barcelone Betis Séville 28 000 000 € Borja Iglesias
9%
84 98/99 FC Sao Paulo Betis Séville 31 500 000 € Denilson
6%
Aucun quiz correspondant
Distribution des résultats
% des personnes avec chaque résultat
Percentile par nombre de réponses
Votre historique - résultats
Vous n’avez pas pris ce quiz depuis la dernière actualisation